All Doctor Who Crossover Episodes - Statistics

General Stats
  • This quiz has been taken 64 times
  • The average score is 7 of 14
Answer Stats
Name Crossover Character(s) % Correct
The Day Of The Doctor The 10th Doctor/Rose Tyler (The Moment)
85%
The Stolen Earth/Journey's End Rosanne 'Rose' Tyler/Jacqueline 'Jackie' Tyler/Michael 'Mickey' Smith/Dr. Martha Jones/Cpt. Jack Harkness/Sarah Jane Smith
78%
The Five Doctors 1st-4th Doctors/Susan Foreman/Brig. Alistair Lethbridge-Stewart/Sarah Jane Smith/Romana
75%
The Sontaran Stratagem/The Poison Sky Dr. Martha Jones
67%
The Three Doctors The 1st/2nd Doctors/Brig. Alistair Lethbridge-Stewart
65%
The Two Doctors The 2nd Doctor/Jamie McCrimmon
64%
Utopia/The Sound Of Drums/Last Of The Time Lords Cpt. Jack Harkness
56%
The Doctor's Daughter Dr. Martha Jones
55%
Death Of The Doctor (Sarah Jane Adventures) 11th Doctor/Jo Grant
53%
The Wedding Of Sarah Jane Smith (Sarah Jane Adventures) The 10th Doctor
33%
For Tonight We Might Die (Class) The 12th Doctor
27%
Dead Man Walking (Torchwood) Dr. Martha Jones
25%
Reset (Torchwood) Dr. Martha Jones
25%
A Day In The Death (Torchwood) Dr. Martha Jones
22%
No matching quizzes found
Score Distribution
Percent of People with Each Score
Percentile by Number Answered
Your Score History
You have not taken this quiz